=LDR 00000nam 2200000 4500 =001 INLIS000000000021879 =005 20130612120708 =008 ***********************************Ind** =035 ##$$0010-061300000021879 =041 ##$$a Ind =082 ##$$a 364.153 4 =090 ##$$a 364.153 4, Sof m =100 ##$$a Sofian, Ahmad =245 ##$$a Menggagas model penanganan perdagangan anak kasus sumatra Utara, Ahmad Sofian =260 ##$$a 2004 $b Yogyakarta =300 ##$$a xiii, 96 hlm, 23 cm =650 ##$$a Perdagangan anak =850 ##$$a NBPNMAT